| 000 | 00725nam a2200229 a 4500 | ||
|---|---|---|---|
| 001 | 000021745 | ||
| 005 | 20250603102625.0 | ||
| 008 | 100910s1974 sp a 000 0 spa d | ||
| 020 | _a8423953157 | ||
| 040 |
_aDO-SdBNP _bspa _cBNPHU |
||
| 041 | 1 | 7 |
_aspa _hfre _2Código de idiomas MARC |
| 082 |
_a927.8 _bD354G, 1974 |
||
| 100 | 1 |
_aGourdet, Georges. _945193 |
|
| 245 | 1 | 0 |
_aDebussy / _cGeorges Gourdet ; traducción Felipe Ximénez de Sandoval. |
| 250 | _a2a ed. | ||
| 260 |
_aMadrid, (España) : _bEspasa Calpe, _c1974. |
||
| 300 |
_a123 p. : _bil. ; _c18 cm. |
||
| 600 | 1 | 4 |
_aDEBUSSY-ACHILLE, CLAUDE _d1862-1918 _945194 |
| 650 | 0 |
_aMúsicos _945195 |
|
| 700 | 1 |
_aXiménez de Sandoval, Felipe, _etr. _919335 |
|
| 049 | _aBNGR | ||
| 999 |
_c21244 _d21244 |
||